00277pab a2200121 454500008004000000100001400040245003100054260000900085300000800094362000900102650001000111773003400121180718b1986 xxu||||| |||| 00| 0 eng d aSen, A.N. aMisuse of freedom of press c1986 a2-9 aOct. aPress aPress Council of India Review